|
|
|
|
| LEADER |
01663nam a2200349 i 4500 |
| 001 |
35107 |
| 003 |
BD-DhAAL |
| 005 |
20190822124940.0 |
| 008 |
190807t2015 enka b 001 0 eng d |
| 999 |
|
|
|c 40828
|d 40828
|
| 010 |
|
|
|a 2014009980
|
| 020 |
|
|
|a 9780415731973 (pbk. : alk. paper)
|
| 020 |
|
|
|a 9780415731966 (hardback : alk. paper)
|
| 020 |
|
|
|z 9781315756882 (ebook)
|
| 040 |
|
|
|a DLC
|b eng
|c DLC
|e rda
|d DLC
|d BD-DhAAL
|
| 042 |
|
|
|a pcc
|
| 050 |
0 |
0 |
|a NK2115.5.L5
|b C88 2015
|
| 082 |
0 |
0 |
|a 747.92
|2 23
|
| 100 |
1 |
|
|a Cuttle, Christopher.
|9 33405
|
| 245 |
1 |
0 |
|a Lighting design :
|b a perception-based approach /
|c Christopher Cuttle.
|
| 260 |
|
|
|a London :
|b Routledge,
|c c2015
|
| 300 |
|
|
|a xiii, 136 pages :
|b color illustrations ;
|c 25 cm.
|
| 504 |
|
|
|a Includes bibliographical references and index.
|
| 505 |
0 |
|
|a The Role of Visual Perception -- Ambient Illumination -- Brightness Patterns -- Illumination Hierarchy -- Lighting Patterns -- Luminous Elements -- Getting it all together.
|
| 526 |
|
|
|a ARC
|
| 541 |
|
|
|a Trim Education
|e 35107, 35108
|
| 650 |
|
0 |
|a Lighting, Architectural and decorative
|x Design.
|9 33406
|
| 650 |
|
0 |
|a Visual perception.
|9 33407
|
| 852 |
|
|
|a Ayesha Abed Library
|c General Stacks
|
| 942 |
|
|
|2 ddc
|c BK
|
| 952 |
|
|
|0 0
|1 0
|2 ddc
|4 0
|6 747_920000000000000_CUT
|7 0
|9 65964
|a BRACUL
|b BRACUL
|c GEN
|d 2019-07-28
|e Trim Education
|g 3090.00
|l 1
|o 747.92 CUT
|p 3010035107
|r 2021-12-23
|s 2021-12-15
|t 1
|v 3090.00
|w 2019-07-28
|y BK
|
| 952 |
|
|
|0 0
|1 0
|2 ddc
|4 0
|6 747_920000000000000_CUT
|7 0
|9 65965
|a BRACUL
|b BRACUL
|c GEN
|d 2019-07-28
|e Trim Education
|g 3090.00
|l 0
|o 747.92 CUT
|p 3010035108
|r 2019-07-28
|t 2
|v 3090.00
|w 2019-07-28
|y BK
|x Transferred from ARC to BRACUL on 28/12/2023
|